书目信息 |
| 题名: |
体操技术与教法
|
|
| 作者: | 孔祥铸 编 | |
| 分册: | ||
| 出版信息: | 济南 山东教育出版社 1982 |
|
| 页数: | 191页 | |
| 开本: | 19cm | |
| 丛书名: | ||
| 单 册: | ||
| 中图分类: | G830.1 | |
| 科图分类: | ||
| 主题词: | 体操-运动技术 , 运动技术-体操 | |
| 电子资源: | ||
| ISBN: | ||
| 000 | 00621nam0 2200241 45 | |
| 001 | 0182001735 | |
| 005 | 20060810103824.21 | |
| 010 | @dCNY0.49 | |
| 091 | @aCN@b7275.51 | |
| 100 | @a19950415d1982 em y0chiy0121 ea | |
| 101 | 0 | @achi |
| 102 | @aCN@b370000 | |
| 105 | @ay z 000yy | |
| 200 | 10 | @a体操技术与教法@Ati cao ji shu yu jiao fa@f孔祥铸编 |
| 210 | @a济南@c山东教育出版社@d1982 | |
| 215 | @a191页@d19cm | |
| 606 | @a体操-运动技术 | |
| 606 | @a运动技术-体操 | |
| 690 | @aG830.1@v3 | |
| 701 | 0 | @a孔祥铸@Akong xiang zhu@4编 |
| 801 | 2 | @aCN@bNLC@c20060810 |
| 801 | 0 | @aCN@bTSSF |
| 905 | @a10447@dG830.1@e57 | |
| 体操技术与教法/孔祥铸编.-济南:山东教育出版社,1982 |
| 191页;19cm |
| ISBN :CNY0.49 |
| ● |
| 相关链接 |
|
|
|
|
正题名:体操技术与教法
索取号:G830.1/57
 
预约/预借
| 序号 | 登录号 | 条形码 | 馆藏地/架位号 | 状态 | 备注 |
| 1 | 0448368 | 204483683 | 密集书库/ [索取号:G830.1/57] | 在馆 |